Existe una psicología marxista /
Gardado en:
| Autor Principal: | |
|---|---|
| Formato: | Desconocido |
| Materias: | |
| Etiquetas: |
Engadir etiqueta
Sen Etiquetas, Sexa o primeiro en etiquetar este rexistro!
|
MARC
| LEADER | 000000000a22000000004500 | ||
|---|---|---|---|
| 001 | 003820 | ||
| 100 | 1 | |a Ortíz Torres, Emilio | |
| 245 | 1 | 0 | |a Existe una psicología marxista / |c Emilio Ortíz Torres. |
| 310 | |a trimestral | ||
| 650 | 4 | |a PSICOLOGIA | |
| 650 | 4 | |a MARXISMO | |
| 650 | 4 | |a LENINISMO | |
| 650 | 4 | |a SISTEMA SOCIALISTA | |
| 650 | 4 | |a UNION SOVIETICA | |
| 650 | 4 | |a IDEOLOGIA | |
| 650 | 4 | |a CIENCIA | |
| 650 | 4 | |a FILOSOFIA MARXISTA | |
| 773 | 0 | |d San José, Costa Rica : Editorial de la Universidad de Costa Rica |t Revista de Ciencias Sociales |g número 67 (1995), páginas 27-31 | |
| 942 | |c ARC | ||
| 999 | |c 11208 |d 11208 | ||
